00708 2200253 4500001002100000005001500021035002000036007000300056008004100059020002200100082001100122084001700133100003200150245006900182250001000251300003100261650001800292700002000310264003800330336002100368337003000389338002300419990001200442INLIS00000000000045320250729102924 a0010-0725000025ta250729 0 ind  a978-623-357-109-8 a155.25 a155.25 FLO b0 aFloriberta AningePengarang1 aBerpikir Cepat :bAku Berpikir, Maka Aku Ada /cFloriberta Aning acet 1 aviii, 184 halaman ;c20 cm 4aMotivasi Diri0 aFloePenyunting aYogyakarta :bC-Klik Media,c2025 2rdacontentateks 2rdamediaatanpa perantara 2rdacarrieravolume a25.0382